| 000 | 00569nam a2200181 4500 | ||
|---|---|---|---|
| 001 | 136526 | ||
| 003 | ES-MaACL | ||
| 005 | 20230906195145.0 | ||
| 007 | t| | ||
| 008 | 070214s1978 sp r ||||1| spa d | ||
| 100 | 1 |
_aSáenz de Rivas, Concepción. _9220242 |
|
| 245 | 1 | 0 |
_aPolen y esporas _b: (introducción a la palinología y vocabulario palinológico) / _cConcepción Sènz de Rivas. |
| 250 | _a1ª. ed. | ||
| 260 |
_aMadrid : _bH. Blume, _c1978. |
||
| 300 |
_a219 p., 25 lám. : _bil. ; _c21 cm. |
||
| 852 |
_aES-MaACL _jA-9554 _bR.98717 |
||
| 999 |
_c136526 _d136526 |
||